BSOP header

The opponents of Third Isaiah : (Record no. 26970)

MARC details
000 -LEADER
fixed length control field 00896nam a2200193 4500
008 - FIXED-LENGTH DATA ELEMENTS--GENERAL INFORMATION
fixed length control field 060703s1995 enk b 001 0 eng
020 ## - INTERNATIONAL STANDARD BOOK NUMBER
International Standard Book Number 1850755388 :USD41.17
090 ## - LOCALLY ASSIGNED LC-TYPE CALL NUMBER (OCLC); LOCAL CALL NUMBER (OCLC)
Classification number (OCLC) (R) ; Classification number, CALL (RLIN) (NR) BS1520.5
Local cutter number (OCLC) ; Book number/undivided call number, CALL (RLIN) Sch6o
100 1# - MAIN ENTRY--PERSONAL NAME
Personal name Schramm, Brooks,
Dates associated with a name 1957-
245 14 - TITLE STATEMENT
Title The opponents of Third Isaiah :
Remainder of title reconstructing the cultic history of the Restoration /
Statement of responsibility, etc Brooks Schramm.
260 ## - PUBLICATION, DISTRIBUTION, ETC. (IMPRINT)
Place of publication, distribution, etc Sheffield, England :
Name of publisher, distributor, etc Sheffield Academic Press,
Date of publication, distribution, etc c1995.
300 ## - PHYSICAL DESCRIPTION
Extent 216 p. ;
Dimensions 23 cm.
490 1# - SERIES STATEMENT
Series statement Journal for the study of the Old Testament.
-- Supplement series,
International Standard Serial Number 0309-0787 ;
Volume number/sequential designation 193
500 ## - GENERAL NOTE
General note A revision of the author's thesis (doctoral)--University of Chicago, 1993.
504 ## - BIBLIOGRAPHY, ETC. NOTE
Bibliography, etc Includes bibliographical references (p. [191]-204) and indexes.
630 04 - SUBJECT ADDED ENTRY--UNIFORM TITLE
Uniform title Bible.
Name of part/section of a work O.T.
-- Isaiah LVI-LXVI
General subdivision Criticism, interpretation, etc.
951 ## - EQUIVALENCE OR CROSS-REFERENCE-GEOGRAPHIC NAME/AREA NAME [OBSOLETE] [CAN/MARC only]
General subdivision 00033117
951 ## - EQUIVALENCE OR CROSS-REFERENCE-GEOGRAPHIC NAME/AREA NAME [OBSOLETE] [CAN/MARC only]
-- 29590
-- BS1520.5/Sch6o
-- 070613111559671
-- 2000-12-21
-- REF
Holdings
Withdrawn status Lost status Damaged status Not for loan Home library Current library Shelving location Date acquired Accession number Shelving control number Total Checkouts Full call number Barcode Date last seen Price effective from Koha item type
        BSOP Library BSOP Library Reference 12/21/2000 29590 127   BS1520.5/Sch6o 00033117 02/23/2013 02/23/2013 Books
BSOP

Biblical Seminary of the Philippines
  All rights Reserved
  © 2024

CONTACT INFORMATION

Biblical Seminary of the Philippines,
  77-B Karuhatan Road, Valenzuela City,
  PHILIPPINES 1441
  Phone: +632 8292-6795 / 8292-6798
  Fax : +632 8292-6675
  Email: library@bsop.edu.ph